000 00644nam a2200277Ia 4500
005 20260121124536.0
008 008 260114s9999 xx 000 0 eng d
020 _a9780228020820
037 _aEBOOK
040 _aCRL
040 _beng
040 _cCRL
041 _2eng
041 _aeng
084 _qCRL
100 _aHaladyn, Julian Jason
_9977748
245 4 _aThe Pause
260 _bWalter de Gruyter
260 _bWalter de Gruyter
260 _c2024
650 _aPhilosophy
_9977749
856 _uhttp://www.degruyter.com/isbn/9780228020820
942 _cEBOOK
999 _c1555359
_d1555359